|
|
|
|
| LEADER |
00800cam a22002051 4500 |
| 001 |
6128466 |
| 008 |
100418s1966 enk 001 0 eng d |
| 010 |
|
|
|a \\\66005718
|
| 040 |
|
|
|a DLC
|c ODaWU
|d OStcU
|d DLC
|d BD-DhAAL
|
| 082 |
0 |
0 |
|a 821/.009
|2 17
|
| 100 |
1 |
|
|a Bateson, Frederick Wilse,
|d 1901-1978.
|
| 245 |
1 |
0 |
|a English poetry :
|b a critical introduction /
|c by F. W. Bateson.
|
| 250 |
|
|
|a 2d ed.
|
| 260 |
|
|
|a London :
|b Longman's Green and Co. Ltd.,
|c 1966.
|
| 300 |
|
|
|a x, 205 p. ;
|c 23 cm.
|
| 541 |
1 |
|
|e 00009299
|
| 650 |
|
0 |
|a English poetry
|x History and criticism.
|
| 852 |
4 |
|
|a Ayesha Abed Library
|j General Shelf
|
| 999 |
|
|
|c 8125
|d 8125
|
| 952 |
|
|
|0 0
|1 0
|2 ddc
|4 1
|6 821_000000000000000__009_BAT_1966
|7 0
|9 9279
|a BRACUL
|b BRACUL
|c SPS
|d 2010-04-18
|l 4
|m 34
|o 821.009 BAT
|p 3010009299
|r 2017-03-30
|s 2017-01-15
|t 1
|w 2010-04-18
|y BK
|